| 000 | 00571nam a2200205Ia 4500 | ||
|---|---|---|---|
| 005 | 20251122103050.0 | ||
| 008 | 230125s9999 xx 000 0 und d | ||
| 020 | _a9788184952506 | ||
| 041 | _aeng | ||
| 082 |
_a158.1 _bROD |
||
| 100 |
_aRoderick C _9215372 |
||
| 245 |
_aInterview Answers _bImpressive Answers To Tough Questions |
||
| 260 |
_c2016 _bJaico Publishing House _aMumbai |
||
| 300 | _a171p | ||
| 500 | _aPersonality Development | ||
| 650 | _aInterview Personality Development | ||
| 700 |
_aRoderick C & Lucks S _9215474 |
||
| 906 | _b77.5 | ||
| 942 | _cBK | ||
| 999 |
_c94758 _d94758 |
||